| 000 | 00376nam a22001577a 4500 | ||
|---|---|---|---|
| 003 | SGT | ||
| 020 | _a9788194709084 | ||
| 082 |
_a610.7367 _bE21B |
||
| 100 | _aBASAVANTHAPPA, B.T. | ||
| 245 | _aESSENTIALS OF MEDICAL SURGICAL NURING | ||
| 250 | _a2ND | ||
| 260 |
_aINDIA _bJAYPEE PUB _c2021 |
||
| 300 | _a674 | ||
| 650 | _aMEDICAL SURGICAL NURSING | ||
| 942 |
_2ddc _cBK _0161 |
||
| 999 |
_c21875 _d21875 |
||